Ruggero dei Timidi - La canzone dell'estate - Statistics

Statistiche generali
  • Questo quiz è stato fatto 36 volte
    31 dall'ultimo reset
  • Il punteggio medio è 194 su 316
Statistiche sulle risposte
Risposta % Corretto
e
100%
l'
100%
estate
95%
i
95%
dell'
91%
di
91%
la
91%
al
86%
canzone
86%
in
86%
mare
86%
per
86%
se
86%
sta
86%
il
77%
mi
77%
ne
77%
non
77%
un
77%
un'
77%
noi
73%
quest'
73%
ti
73%
tra
73%
con
68%
le
68%
lo
68%
po'
68%
spiaggia
68%
ho
64%
me
64%
riva
64%
alla
59%
anche
59%
che
59%
limonare
59%
Moscow
59%
mule
59%
quando
59%
voglio
59%
vuoi
59%
amare
55%
fatta
55%
io
55%
lingua
55%
sai
55%
sorseggiando
55%
tutti
55%
chiringuito
50%
dietro
50%
dimenticare
50%
fregio
50%
fugace
50%
pedalò
50%
potrò
50%
puoi
50%
radio
50%
altra
45%
c'è
45%
gli
45%
kebabbaro
45%
mia
45%
modo
45%
parla
45%
ritornello
45%
si
45%
troverò
45%
cantare
41%
finendo
41%
mistico
41%
nella
41%
ovunque
41%
testa
41%
vai
41%
coro
36%
entra
36%
ghiaccioli
36%
già
36%
mamma
36%
na
36%
passano
36%
ricorderai
36%
trescare
36%
bevo
32%
cassate
32%
dai
32%
improvvisamente
32%
luridi
32%
mamme
32%
mitici
32%
passato
32%
ragù
32%
rimorchiano
32%
risate
32%
sedano
32%
tempi
32%
timidi
32%
veganesimo
32%
accoppiamenti
27%
base
27%
dei
27%
giunge
27%
imbiancano
27%
padri
27%
stile
27%
vedono
27%
voltastomaco
27%
bocce
23%
bolidi
23%
indietro
23%
induce
23%
mentre
23%
movimento
23%
nastro
23%
pelvico
23%
piadinari
23%
pompano
23%
refrain
23%
riavvolgi
23%
rimpiango
23%
sbocciate
23%
sciabordio
23%
sfumare
23%
spruzzi
23%
vedrai
23%
ventenni
23%
youpornistico
23%
allungano
18%
annuncia
18%
barbe
18%
invecchiano
18%
ricomincerà
14%
Nessun quiz corrispondente trovato
Distribuzione punteggi
Percentuale di utenti per punteggio
Percentile per numero di risposta
I tuoi punteggi nel tempo
Non hai fatto questo quiz dall'ultimo reset